000 004760000a22001930004500
003 LK-CoMWRAF
005 20231019004047.0
008 230817t ||||| |||| 00| 0 eng d
020 _a9559136178
040 _aLK-CoMWRAF
_dLK-CoMWRAF
_eLK-CoMWRAF
041 _aeng
082 _a428
_bWIJ
100 _aWijesinha, Rajiva
245 _aAn English education
260 _aColombo :
_bMcCallum books,
_c1996
300 _a218p
650 _aEnglish education
942 _cBK
999 _c3075
_d3075